000 00429nam a2200181Ia 4500
001 19075
005 20260306171717.0
008 260306s9999||||xx |||||||||||||| ||und||
041 _aESP
082 _a658.8
_bG78
100 _aGrande Esteban, Ildefonso
_eAUT
245 0 _aMarketing de los servicios
260 _c2009
300 _a399 páginas :
_c24 cm.
650 _aGEN
654 _aCAN
942 _cLIB
_dJUS
_fJUS
_2ddc
_n
999 _c19075
_d19075